| 000 | 01119nam a2200325 i 4500 | ||
|---|---|---|---|
| 003 | EG-GICUC | ||
| 005 | 20260502195436.0 | ||
| 008 | 260502s1928 uk ||||fr|||| 00| 0 eng d | ||
| 040 |
_aEG-GiCUC _beng _cEG-GiCUC _dEG-GiCUC _eRda |
||
| 082 | 0 | 4 |
_221 _a343.623 _bMY . T |
| 092 | 0 | 4 | _221 |
| 099 | _aLaw1 10 343.623 MY . T 1928 | ||
| 100 | 1 |
_aMyers,Charles S. _eAuthor. |
|
| 245 |
_aA Text-book Of Experimental Psychology With Laboratory Exercises. _nPart Ii, _pLaboratory Exercises / _cCharles S. Myers, F. C. Bartlett. |
||
| 250 | _aThird Edition | ||
| 264 | 2 |
_aCambridge: _bThe University Press, _c1928. |
|
| 300 |
_a121 page ; _c 24 cm. _billustrations, |
||
| 336 |
_2rda contenu _a texte |
||
| 337 |
_2rda medias _aOrdinateur |
||
| 338 |
_2 transporteur rda _a Ressource en ligne |
||
| 504 | _aBibliography: pages 200-250. | ||
| 546 | _aText in English | ||
| 650 | 1 |
_aCriminal Law _2qrmak |
|
| 650 | 1 |
_aPsychological Approach _2qrmak |
|
| 651 | 1 | _2qrmak | |
| 700 | 1 |
_aBartlett, F. C _eAnnotator. |
|
| 856 | 4 | 0 | _uhttps://fll.law.cu.edu.eg/fulltext/bks/B10-11289.pdf |
| 905 | _a54 | ||
| 942 |
_2ddc _n0 _cBK _e21 |
||
| 999 |
_c74992 _d74992 |
||